000 00764nam a2200229Ia 4500
003 GCL
008 140319s9999 xx 000 0 ara d
040 _aGCL /
_cGCL
082 0 4 _a320.962
_bا ن
100 1 _aابراهيم نافع عوض الله
245 1 0 _aنحن والعالم ونحن وانفسنا /
_cابراهيم نافع عوض الله
260 _a[S.N] :
_bمركز الاهرام للترجمة والنشر ،
_c1986
300 _a192 ص
490 _a
650 0 4 _aمصر
650 0 4 _aالاتحاد السوفيتى
650 0 4 _aالولايات المتحدة الامريكية
650 0 4 _aالاحوال الاقتصادية
650 0 4 _aالعلاقات الخارجية
650 0 4 _aاوربا
942 _2ddc
_cBK
999 _c30838
_d30838